000 00302nam a22001337a 4500
008 171011b xxu||||| |||| 00| 0 eng d
020 _a0155551302
041 _aeng
080 _a316
100 _a50
101 _aSOC
245 _aMASTERS OF SOCIOLOGICAL THOUGHT
_cCOSER.L.A
942 _2udc
_cBK
999 _c33022
_d33022